|
|
|
|
| LEADER |
01861nam a2200457 i 4500 |
| 001 |
EBC4768875 |
| 003 |
MiAaPQ |
| 005 |
20200520144314.0 |
| 006 |
m o d | |
| 007 |
cr cnu|||||||| |
| 008 |
161223t20172017gw a ob 000 0 ger d |
| 020 |
|
|
|z 9783110353907
|
| 020 |
|
|
|a 9783110353914
|q (electronic bk.)
|
| 020 |
|
|
|a 9783110397338
|q (electronic bk.)
|
| 035 |
|
|
|a (MiAaPQ)EBC4768875
|
| 035 |
|
|
|a (Au-PeEL)EBL4768875
|
| 035 |
|
|
|a (CaPaEBR)ebr11316697
|
| 035 |
|
|
|a (CaONFJC)MIL972840
|
| 035 |
|
|
|a (OCoLC)966464120
|
| 040 |
|
|
|a MiAaPQ
|b eng
|e rda
|e pn
|c MiAaPQ
|d MiAaPQ
|
| 050 |
|
4 |
|a RA781
|b .S763 2017
|
| 082 |
0 |
|
|a 613.71
|2 23
|
| 100 |
1 |
|
|a Stocker, Toni C.,
|e author.
|
| 245 |
1 |
0 |
|a Statistik :
|b Ubungsbuch /
|c Toni C. Stocker und Ingo Steinke.
|
| 264 |
|
1 |
|a Berlin, [Germany] ;
|a Boston, [Massachusetts] :
|b De Gruyter Oldenbourg,
|c 2017.
|
| 264 |
|
4 |
|c 2017
|
| 300 |
|
|
|a 1 online resource (304 pages) :
|b illustrations, tables
|
| 336 |
|
|
|a text
|2 rdacontent
|
| 337 |
|
|
|a computer
|2 rdamedia
|
| 338 |
|
|
|a online resource
|2 rdacarrier
|
| 504 |
|
|
|a Includes bibliographical references.
|
| 588 |
|
|
|a Description based on online resource; title from PDF title page (ebrary, viewed December 23, 2016).
|
| 590 |
|
|
|a Electronic reproduction. Ann Arbor, MI : ProQuest, 2016. Available via World Wide Web. Access may be limited to ProQuest affiliated libraries.
|
| 650 |
|
0 |
|a Exercise.
|
| 650 |
|
0 |
|a Exercise
|v Juvenile literature.
|
| 650 |
|
0 |
|a Notebooks.
|
| 655 |
|
4 |
|a Electronic books.
|
| 700 |
1 |
|
|a Steinke, Ingo,
|e author.
|
| 776 |
0 |
8 |
|i Print version:
|a Stocker, Toni C.
|t Statistik : Ubungsbuch.
|d Berlin, [Germany] ; Boston, [Massachusetts] : De Gruyter Oldenbourg, c2017
|h 290 pages
|z 9783110353907
|
| 797 |
2 |
|
|a ProQuest (Firm)
|
| 856 |
4 |
0 |
|u https://ebookcentral.proquest.com/lib/matrademy/detail.action?docID=4768875
|z Click to View
|